| 000 | 01367nam a2200265Ia 4500 | ||
|---|---|---|---|
| 999 |
_c34516 _d34516 |
||
| 001 | 266 | ||
| 003 | GE_BSU | ||
| 005 | 20211209122839.0 | ||
| 008 | 181216s2011||||ge |||||||||||||| ||geo|| | ||
| 020 | _a994103262 | ||
| 020 | _a9789941032622 | ||
| 040 | _cGE_BSU | ||
| 041 | _ageo | ||
| 080 | _a330.131.7(479.22)(075.8)+339.924(479.22) ა-45 | ||
| 100 |
_aალადაშვილი, ბესიკ _913236 |
||
| 245 |
_aეკონომიკური უსაფრთხოება : _bთეორია და მეთოდოლოგია : [მონოგრაფია] / _cბესიკ ალადაშვილი ; [მეცნ.-რედ. კონსტანტინე ხმალაძე]. |
||
| 264 |
_aთბილისი _b[საქ. საერთაშ. კავშირი "საზოგადოება ცოდნა"], _c2011. |
||
| 300 |
_a263 გვ.: _bცხრ. ; _c20სმ. |
||
| 501 | _aდანართები: გვ. 204-256. | ||
| 504 | _aბიბლიოგრ.: გვ. 257-258. | ||
| 653 | _aეკონომიკური უსაფრთხოება საქართველოში | ||
| 653 | _aგლობალიზაცია | ||
| 700 |
_aხმალაძე, კონსტანტინე _eრედაქტორი _913237 |
||
| 942 |
_cBK _2udc |
||